Southville International School and Colleges
Your cart is empty.
  • Cart
  • Lists
    Public lists Eva Luna New books Lux_list list_1
    Your lists Log in to create your own lists
  • Log in to your account
  • Your cookies
  • Search history
Southville International School and Colleges
  • Advanced search
  • Recent comments
  • Most popular
  • Libraries

Log in to your account

Log in with GOOGLE


If you do not have an external account, but do have a local account, you can still log in:

  1. Home
  2. MARC view: Shoes for Sophie muscovy /
Normal view MARC view ISBD view

Shoes for Sophie muscovy / (Record no. 12197)

[ view plain ]
MARC details
000 -LEADER
fixed length control field 00516nam a22001937a 4500
003 - CONTROL NUMBER IDENTIFIER
control field OSt
005 - DATE AND TIME OF LATEST TRANSACTION
control field 20140310182344.0
008 - FIXED-LENGTH DATA ELEMENTS--GENERAL INFORMATION
fixed length control field 130927t xxu||||| |||| 00| 0 eng d
020 ## - INTERNATIONAL STANDARD BOOK NUMBER
International Standard Book Number 086814634X
050 ## - LIBRARY OF CONGRESS CALL NUMBER
Classification number PN 3448
Item number .V274 1982
082 ## - DEWEY DECIMAL CLASSIFICATION NUMBER
Classification number PN 3448
Item number .V274 1982
245 ## - TITLE STATEMENT
Title Shoes for Sophie muscovy /
Statement of responsibility, etc Marie Van Rensburg
260 ## - PUBLICATION, DISTRIBUTION, ETC. (IMPRINT)
Place of publication, distribution, etc Pretoria :
Name of publisher, distributor, etc Daan Retief Publishers,
Date of publication, distribution, etc c1982.
300 ## - PHYSICAL DESCRIPTION
Extent 41 p.
Other physical details illus.,
Dimensions 25cm.
541 ## - IMMEDIATE SOURCE OF ACQUISITION NOTE
-- 1
562 ## - COPY AND VERSION IDENTIFICATION NOTE
Number of copies 1
650 ## - SUBJECT ADDED ENTRY--TOPICAL TERM
Topical term or geographic name as entry element Fiction
9 (RLIN) 746
942 ## - ADDED ENTRY ELEMENTS (KOHA)
Source of classification or shelving scheme Library of Congress Classification
Koha item type
Holdings
Withdrawn status Lost status Source of classification or shelving scheme Damaged status Home library Current library Shelving location Date acquired Total Checkouts Full call number Barcode Date last seen Copy number Price effective from Koha item type
    Library of Congress Classification   Luxembourg Library Luxembourg Library Grade School Section 09/27/2013   PN 3448 .V274 1982 9359 10/28/2015 1 09/27/2013 Books

Shoes for Sophie muscovy /

APA

(1982). Shoes for Sophie muscovy. Pretoria: Daan Retief Publishers.

Chicago

1982. Shoes for Sophie muscovy. Pretoria: Daan Retief Publishers.

Harvard

(1982). Shoes for Sophie muscovy. Pretoria: Daan Retief Publishers.

MLA

Shoes for Sophie muscovy. Pretoria: Daan Retief Publishers. 1982.

  • Place hold
  • Print
  • Cite
  • Add to your cart (remove)
  • Save record
    BIBTEX Dublin Core MARCXML MARC (non-Unicode/MARC-8) MARC (Unicode/UTF-8) MARC (Unicode/UTF-8, Standard) MODS (XML) RIS
  • More searches
    Search for this title in:
    Other Libraries (WorldCat) Other Databases (Google Scholar) Online Stores (Bookfinder.com) Open Library (openlibrary.org)

Exporting to Dublin Core...

SOUTHVILLE LIBRARY

Southville International School and Colleges Library

1281 Tropical Ave. Cor. Luxembourg St., BF Homes International, Las Pinas City

Tel. No. 8256374 / 252358 Loc. 117/146

Powered by Koha